"The Wall" (Pink Floyd) Songs by Lyric Themes - Statistics

General Stats
  • This quiz has been taken 656 times
    654 since last reset
  • The average score is 15 of 26
Answer Stats
Song Description Song % Correct
About Pink's overprotective parent. Mother
95%
A youth protest against education. Another Brick In The Wall, Pt. 2
84%
Pink is sentenced to have his mental wall taken down. The Trial
83%
Doctors inject Pink with medicines so he is able to do his show after he overdoses on drugs. Comfortably Numb
79%
Pink begs his wife not to leave him. Don't Leave Me Now
72%
Pink looks for a woman willing to have a sexual relationship with him. Young Lust
72%
Pink recalls how the teachers would try their hardest to humiliate the students. The Happiest Days Of Our Lives
69%
Pink turns his show into a fascist rally. In The Flesh
68%
Pink remembers an old singer he knew in the past, and wonders what happened to her. Vera
68%
Pink recalls his father leaving to go to war. Another Brick In The Wall, Pt. 1
60%
Pink's memories of the World War Two bombings. Goodbye Blue Sky
57%
Pink warns the audience at his concert that he is not who he appears to be. In The Flesh?
57%
A protest against sending people to war. Bring The Boys Back Home
56%
Pink wonders how he will fill the holes in his wall. Empty Spaces
55%
Pink debates whether he should continue with the show. The Show Must Go On
53%
Pink places the final brick in his mental wall. Goodbye Cruel World
51%
Pink threatens his audience at his rock concert turned fascist rally. Run Like Hell
51%
Pink looks for someone to help him but he is all alone in his wall. Is There Anybody Out There?
50%
Pink scares away a groupie after he finds out his wife is cheating, even though he is doing the same. One Of My Turns
50%
In his fascist persona, he chants about getting rid of ethnic minorities. Waiting For The Worms
49%
Pink suddenly wonders if the situation he is in is his fault. Stop
46%
Pink decides that he doesn't need anything in his life and that everything that had happened to him all were just parts for his wall. Another Brick In The Wall, Pt. 3
44%
Pink immediately wonders if he's made the right decision to finish his wall. Hey You
43%
A warning to listeners about what will happen if you follow Pink's path. Outside The Wall
39%
Trapped in his wall, Pink lists the things he still has with him - knowing the rest of the world is out of reach. Nobody Home
35%
Pink warns listeners that at any moment your life could suddenly turn for the worst. The Thin Ice
30%
No matching quizzes found
Score Distribution
Percent of People with Each Score
Percentile by Number Answered
Your Score History
You have not taken this quiz since the last reset